Health planning, special studies in guideline development : staff papers prepared for the study, Health planning in the United States : issues in guideline development /

Bibliographic Details
Corporate Authors: Institute of Medicine (U.S.). Committee on Health Planning Goals and Standards, Institute of Medicine (U.S.)
Other Authors: Yoder, Sunny, Surdi, Jana H.
Format: Book
Language:English
Published: Washington, D.C. : National Academy of Sciences, [1980]
Series:IOM publication ; 80-002.
Subjects:

MARC

Tag First Indicator Second Indicator Subfields
LEADER 00000cam a2200000 a 4500
001 in00000027846
005 20151007054634.0
008 811217s1980 dcua b o00000 eng d
035 |a (OCoLC)08051179 
035 |9 AAB5788AM 
040 |a NLM  |c NLM  |d OCL  |d TXA  |d UtOrBLW 
049 |a TXAM  |c [A11073403] 
050 4 |a RA393  |b .H413 1980 
060 0 |a WA 540.1 H43308 1980 
245 0 0 |a Health planning, special studies in guideline development :  |b staff papers prepared for the study, Health planning in the United States : issues in guideline development /  |c Institute of Medicine. 
264 1 |a Washington, D.C. :  |b National Academy of Sciences,  |c [1980] 
300 |a vi, 48, 4 pages :  |b illustrations 
336 |a text  |b txt  |2 rdacontent 
337 |a unmediated  |b n  |2 rdamedia 
338 |a volume  |b nc  |2 rdacarrier 
490 0 |a Staff papers / Institute of Medicine 
490 1 |a Publication IOM ;  |v 80-002 
500 |a "Prepared by staff members of the Institute of Medicine as background for the deliberations of the Committee on Health Planning Goals and Standards."--Pref. 
500 |a "Supported by a contract from the Health Resources Administration, U.S. Department of Health, Education and Welfare, Number 282-78-0163-EJM." 
500 |a "July 1980." 
504 |a Includes bibliographies. 
505 0 |a Contents: Configuration of hospital services / Sunny Yoder.--A selected review of international experiences with health planning guidelines / Jana H. Surdi and Helen Darling. 
650 0 |a Health planning. 
700 1 |a Yoder, Sunny.  |t Configuration of hospital services. 
700 1 |a Surdi, Jana H.  |t Selected review of international experiences with health planning guidelines. 
710 2 |a Institute of Medicine (U.S.).  |b Committee on Health Planning Goals and Standards. 
710 2 |a Institute of Medicine (U.S.) 
740 0 |a Configuration of hospital services. 
740 2 |a A selected review of international experiences with health planning guidelines. 
740 0 |a Health planning in the United States 
830 0 |a IOM publication ;  |v 80-002. 
999 |a MARS 
999 f f |s c12b0b5c-c22c-35a3-8d92-72bea82b3820  |i 078f673b-a613-34cf-8213-48c3b583b07c  |t 0 
952 f f |p ric  |a Texas A&M University  |b Rellis Campus  |c Joint Library Facility  |d Remote Storage  |t 0  |e RA393 .H413 1980  |h Library of Congress classification  |i unmediated -- volume  |m A14811073403 
998 f f |a RA393 .H413 1980  |t 0  |l Remote Storage